Физико-химические закономерности получения силикатных расплавов в низкотемпературной плазме и материалов на их основе: автореферат диссертации на соискание ученой степени доктора технических наук; спец. 05.17.11

التفاصيل البيبلوغرافية
المؤلف الرئيسي: Волокитин О. Г. Олег Геннадьевич
مؤلفون مشاركون: Томский государственный архитектурно-строительный университет (ТГАСУ), Национальный исследовательский Томский политехнический университет (ТПУ)
مؤلفون آخرون: Скрипникова Н. К. Нелли Карповна (научный консультант)
الملخص:Заглавие с титульного экрана
Электронная версия печатной публикации
اللغة:الروسية
منشور في: Томск, 2015
الموضوعات:
الوصول للمادة أونلاين:http://www.lib.tpu.ru/fulltext/a/2015/22.pdf
التنسيق: MixedMaterials الكتروني كتاب
KOHA link:https://koha.lib.tpu.ru/cgi-bin/koha/opac-detail.pl?biblionumber=303524

MARC

LEADER 00000nlm0a2200000 4500
001 303524
005 20231102001618.0
035 |a (RuTPU)RU\TPU\book\328747 
035 |a RU\TPU\book\328745 
090 |a 303524 
100 |a 20150903d2015 k y0rusy50 ca 
101 0 |a rus 
102 |a RU 
105 |a a dm 001zy 
135 |a drcn ---uucaa 
181 0 |a i  
182 0 |a b 
200 1 |a Физико-химические закономерности получения силикатных расплавов в низкотемпературной плазме и материалов на их основе  |b Электронный ресурс  |e автореферат диссертации на соискание ученой степени доктора технических наук  |e спец. 05.17.11  |f О. Г. Волокитин  |g Томский государственный архитектурно-строительный университет (ТГАСУ) ; Национальный исследовательский Томский политехнический университет (ТПУ) ; науч. конс. Н. К. Скрипникова 
203 |a Текст  |c электронный 
210 |a Томск  |d 2015 
215 |a 1 файл (2.7 Mb) 
230 |a Электронные текстовые данные (1 файл : 2.7 Mb) 
300 |a Заглавие с титульного экрана 
300 |a Электронная версия печатной публикации 
337 |a Adobe Reader 
452 1 |0 (RuTPU)RU\TPU\book\332616  |t Физико-химические закономерности получения силикатных расплавов в низкотемпературной плазме и материалов на их основе  |o автореферат диссертации на соискание ученой степени доктора технических наук  |o спец. 05.17.11  |f О. Г. Волокитин  |g Томский государственный архитектурно-строительный университет (ТГАСУ) ; Национальный исследовательский Томский политехнический университет (ТПУ) ; науч. конс. Н. К. Скрипникова  |c Томск  |n [Б. и.]  |d 2015  |p 39 с.  |a Волокитин, Олег Геннадьевич 
606 1 |a Силикатные изделия  |x Производство  |2 stltpush  |3 (RuTPU)RU\TPU\subj\34471  |9 56409 
610 1 |a авторефераты диссертаций 
610 1 |a электронный ресурс 
610 1 |a силикатные изделия 
610 1 |a силикатные расплавы 
610 1 |a получение 
610 1 |a силикатсодержащие сырьевые материалы 
610 1 |a плазмохимическое травление 
610 1 |a моделирование 
610 1 |a плазменные технологии 
610 1 |a силикатные системы 
610 1 |a высокотемпературные процессы 
610 1 |a низкотемпературная плазма 
610 1 |a силикатные материалы 
675 |a 666(04)  |v 4 
686 |a 05.17.11  |2 oksvnk 
700 1 |a Волокитин  |b О. Г.  |g Олег Геннадьевич 
702 1 |a Скрипникова  |b Н. К.  |g Нелли Карповна  |4 695 
712 0 2 |a Томский государственный архитектурно-строительный университет (ТГАСУ)  |c (1997- )  |2 stltpush  |3 (RuTPU)RU\TPU\col\3 
712 0 2 |a Национальный исследовательский Томский политехнический университет (ТПУ)  |c (2009- )  |2 stltpush  |3 (RuTPU)RU\TPU\col\15902 
801 2 |a RU  |b 63413507  |c 20161027  |g RCR 
856 4 |u http://www.lib.tpu.ru/fulltext/a/2015/22.pdf 
942 |c CF